000
00214 a2200097 4500
001
53352
100
_a
Middleton, D
245
_a
Air War vietnam
260
_a
London
_b
Arm & Armour Press
_c
090
_c
33600
_d
33600
942
_a
NUST-CAE
_c
M
_c
26226
999
_c
288425
_d
288425